REESTRUCTURACION DEL SISTEMA FINANCIERO
Guardado en:
| Formato: | Libro |
|---|---|
| Colección: | CUADERNOS DE RENOVACION NACIONAL
|
| Temas: | |
| Etiquetas: |
Sin etiquetas, Sé el primero en etiquetar este registro!
|
MARC
| LEADER | 00000nam^a2200000^a^4500 | ||
|---|---|---|---|
| 001 | 000224638 | ||
| 005 | 20250521000000.0 | ||
| 009 | 20260310104055.697 | ||
| 020 | |a 968-6296-08-5 | ||
| 035 | |a 043232 | ||
| 037 | |a Acervo Xavier Clavigero | ||
| 082 | |a 332. 0972 |b REE V. 8 | ||
| 245 | 1 | 0 | |a REESTRUCTURACION DEL SISTEMA FINANCIERO |
| 264 | |a MEXICO : |b FONDO DE CULTURA ECONOMICA, |c 1988 | ||
| 300 | |a V.- : |b tbs. | ||
| 336 | |a texto |b txt |2 rdacontenido | ||
| 337 | |a sin mediación |b n |2 rdamedio | ||
| 338 | |a volumen |b nc |2 rdasoporte | ||
| 440 | |a CUADERNOS DE RENOVACION NACIONAL | ||
| 649 | |a XX | ||
| 650 | |a Finanzas - |z México | ||
| 650 | |a Política Monetaria | ||
| 910 | |a Fondo General | ||
| 920 | |a Impresos - Libros | ||
| 930 | |a Colección General | ||
| 905 | |a 101 | ||
| 901 | |a 043232 |b IT1 |c ACC |i 043232 |u 20250521 | ||
| 902 | |a https://opac.biblio.iteso.mx/vufind/Record/000224638 | ||